| 000 | 00846nam a22002297a 4500 | ||
|---|---|---|---|
| 005 | 20240530110912.0 | ||
| 008 | 171026s2008 ua a a g 000 0 ara d | ||
| 040 |
_aEG-CaGPL _cEG-CaGPL |
||
| 082 | 0 | 4 |
_221 _a658.02 / _bم د |
| 100 | 0 | _aمحمد صالح الحناوى | |
| 245 | 1 | 0 |
_aدراسات جدوى المشروع : _bالاساسيات والمفاهيم / _cمحمد صالح الحناوى |
| 250 | _aط. 1 | ||
| 260 |
_aالاسكندرية : _bالدار الجامعية، _c2008. |
||
| 300 |
_a256 ص. : _bايض ؛ _c24 سم. |
||
| 650 | 0 | 7 |
_2qrmak _aدراسة الجدوى |
| 650 | 0 | 7 |
_2qrmak _aالمشروعات |
| 650 | 0 | 7 |
_2qrmak _aالتخطيط الاقتصادى |
| 650 | 0 | 7 |
_2qrmak _aالمشروعات _xتنظيم وادارة |
| 651 | _2qrmak | ||
| 942 |
_2ddc _cBK |
||
| 999 |
_c66324 _d66324 |
||